MARC

LEADER 00000nam0a2200000 4500
001 283478
005 20231101235612.0
035 |a (RuTPU)RU\TPU\book\307557 
090 |a 283478 
100 |a 20150206d1984 k y0rusy50 ca 
101 0 |a rus 
102 |a UA 
105 |a y z 001zb 
200 1 |a Фридрих Энгельс и проблемы истории древних обществ  |e сборник научных трудов  |f Академия наук Украинской ССР (АН УССР), Институт археологии ; под ред. В. Ф. Генинга 
210 |a Киев  |c Наукова думка  |d 1984 
215 |a 255 с. 
320 |a Библиография в примечаниях 
600 1 |a Энгельс  |g Фридрих  |b Ф.  |c немецкий мыслитель и общественный деятель  |c один из основоположников марксизма  |f 1820-1895  |2 stltpush  |3 (RuTPU)RU\TPU\pers\530 
606 1 |a Первобытное общество  |x История  |2 stltpush  |3 (RuTPU)RU\TPU\subj\58994  |9 76662 
610 1 |a антропогенез 
610 1 |a человек 
610 1 |a общество 
610 1 |a кочевники 
610 1 |a эволюция 
610 1 |a общественное производство 
610 1 |a племена 
610 1 |a классовый состав 
610 1 |a обряды 
610 1 |a погребальные обряды 
686 |a Т3(0)2  |v LBC/SL-A  |2 rubbk 
702 1 |a Генинг  |b В. Ф.  |4 340 
712 0 2 |a Академия наук Украинской ССР (АН УССР)  |b Институт археологии  |2 stltpush  |3 (RuTPU)RU\TPU\col\22111 
801 1 |a RU  |b 63413507  |c 20150206 
801 2 |a RU  |b 63413507  |c 20230323  |g RCR 
942 |c BK